Možnosti riešenia nezamestnanosti v Slovenskej republike z Európskeho sociálneho fondu bakalárska práca

Salvato in:
Dettagli Bibliografici
Autore principale: Špaček, Karol
Ente Autore: Národohospodárska fakulta EU. Katedra verejnej správy a regionálneho rozvoja
Altri autori: Birčár, František
Natura: Libro
Lingua:slovacco
Pubblicazione: Bratislava 2013
Tags: Aggiungi Tag
Nessun Tag, puoi essere il primo ad aggiungerne!!

MARC

LEADER 00000nbm a2200000 4500
001 0172517
005 20161109112058.0
041 0 |a slo 
044 |a SK 
245 1 0 |a Možnosti riešenia nezamestnanosti v Slovenskej republike z Európskeho sociálneho fondu  |b bakalárska práca  |c Karol Špaček ; školiteľ: František Birčár 
264 1 |a Bratislava  |c 2013 
300 |a 56 s. 
100 1 |a Špaček, Karol 
700 1 |a Birčár, František 
710 2 |a Národohospodárska fakulta EU. Katedra verejnej správy a regionálneho rozvoja